Sociálne nerovnosti – aktuálny problém
Definovanie súčasných sociálnych nerovností v podmienkach Slovenskej republiky a tie najvýznamnejšie, ktoré ich ovplyvnili.
Na minha lista:
| Autor principal: | |
|---|---|
| Outros Autores: | |
| Formato: | Capítulo de Livro |
| Idioma: | eslovaco |
| Assuntos: | |
| Tags: |
Sem tags, seja o primeiro a adicionar uma tag!
|
MARC
| LEADER | 00000naa a2200000 4500 | ||
|---|---|---|---|
| 001 | 0298066 | ||
| 005 | 20240417075259.2 | ||
| 041 | 0 | |a slo | |
| 044 | |a SK | ||
| 245 | 1 | 0 | |a Sociálne nerovnosti – aktuálny problém |c Iveta Dudová, Vojtech Stanek |
| 520 | |a Definovanie súčasných sociálnych nerovností v podmienkach Slovenskej republiky a tie najvýznamnejšie, ktoré ich ovplyvnili. | ||
| 610 | 2 | 0 | |a diferenciácia sociálna |
| 610 | 2 | 0 | |a rozdiely regionálne |
| 610 | 2 | 0 | |a kvalita života |
| 610 | 2 | 0 | |a nezamestnanosť |
| 610 | 2 | 0 | |a problémy spoločenské |
| 610 | 2 | 0 | |a Slovensko |
| 100 | 1 | |a Dudová, Iveta | |
| 700 | 1 | |a Stanek, Vojtech | |